[Event "Madrid-ch Previa-B"]
[Site "Madrid"]
[Date "2025.02.15"]
[Round "6.7"]
[White "Marin Lopez, Juan Jose"]
[Black "Godoy Herrera, Carlos"]
[Result "1/2-1/2"]
[WhiteElo "1907"]
[BlackElo "1806"]
[PlyCount "58"]
[GameId "2145628761927913"]
[EventDate "2025.01.30"]
[EventType "swiss"]
[EventRounds "9"]
[EventCountry "ESP"]

1. e4 d5 2. exd5 Qxd5 3. Nf3 Nf6 4. d4 Bf5 5. c4 Qd8 6. Be2 e6 7. O-O Be7 8. Nc3 c6 9. Be3 Nbd7 10. Nh4 Bg6 11. Nxg6 hxg6 12. d5 exd5 13. cxd5 cxd5 14. Nxd5 O-O 15. Nxe7+ Qxe7 16. Bf3 Ne5 17. Be2 a6 18. Qb3 Neg4 19. Bxg4 Nxg4 20. Bf4 Rfe8 21. h3 Nf6 22. Rac1 Rac8 23. Rcd1 Rcd8 24. Be3 Rd7 25. Rxd7 Qxd7 26. Rd1 Qc6 27. Rc1 Qd7 28. Rd1 Qc6 29. Rc1 Qd7 1/2-1/2

[Event "Madrid-ch Previa-B"]
[Site "Madrid"]
[Date "2025.02.15"]
[Round "6.8"]
[White "Martin Cantizano, David"]
[Black "Huerta Marroquin, Borja"]
[Result "1-0"]
[WhiteElo "1900"]
[BlackElo "1596"]
[PlyCount "69"]
[GameId "2145629452812537"]
[EventDate "2025.01.30"]
[EventType "swiss"]
[EventRounds "9"]
[EventCountry "ESP"]

1. c4 e5 2. g3 Nf6 3. Bg2 g6 4. Nc3 Bg7 5. Nf3 Nc6 6. O-O O-O 7. Rb1 d6 8. b4 a6 9. Re1 Be6 10. d3 e4 11. Ng5 exd3 12. Nxe6 fxe6 13. exd3 e5 14. b5 axb5 15. cxb5 Nd4 16. Ne2 Nxe2+ 17. Rxe2 Rb8 18. Qb3+ Kh8 19. Bg5 Qc8 20. Bxf6 Rxf6 21. Rc2 Qf8 22. Qc4 Rf7 23. Bd5 Re7 24. Rb4 Qd8 25. Ra4 c5 26. bxc6 bxc6 27. Qxc6 Rb1+ 28. Kg2 Rb8 29. Ra6 e4 30. dxe4 Be5 31. f4 Bd4 32. Qxd6 Rd7 33. Qxb8 Qxb8 34. Ra8 Qxa8 35. Bxa8 1-0

[Event "Madrid-ch Previa-B"]
[Site "Madrid"]
[Date "2025.02.15"]
[Round "6.9"]
[White "Perdiguero Herreros, Alejandro"]
[Black "Clavero Alarcon, Jose Miguel"]
[Result "1/2-1/2"]
[WhiteElo "1924"]
[BlackElo "1822"]
[PlyCount "87"]
[GameId "2147107582509199"]
[EventDate "2025.01.30"]
[EventType "swiss"]
[EventRounds "9"]
[EventCountry "ESP"]

1. Nf3 Nf6 2. d4 b6 3. c4 e6 4. a3 Bb7 5. Nc3 g6 6. Bg5 h6 7. Bh4 g5 8. Bg3 d6 9. e3 Ne4 10. d5 Nxc3 11. bxc3 e5 12. Bd3 Nd7 13. Nd2 Nc5 14. Ne4 Nxd3+ 15. Qxd3 f5 16. Nd2 Qf6 17. f3 Bg7 18. e4 f4 19. Bf2 Bc8 20. O-O-O Bd7 21. g4 Ba4 22. Rdg1 Qe7 23. h4 Bf6 24. h5 O-O 25. Qb1 Qd7 26. Nb3 Be7 27. Kd2 Qc8 28. Nc1 c5 29. Nd3 Qc7 30. Qa2 Rab8 31. Rb1 Kg7 32. Ke2 Bd7 33. Kf1 b5 34. Kg2 bxc4 35. Qxc4 Qa5 36. a4 Qxa4 37. Qxa4 Bxa4 38. Rxb8 Rxb8 39. Ra1 Bc2 40. Ne1 Bb1 41. Rxa7 Kf6 42. Kf1 Rb2 43. Ra8 Kf7 44. Ra7 1/2-1/2

[Event "Madrid-ch Previa-B"]
[Site "Madrid"]
[Date "2025.02.15"]
[Round "6.10"]
[White "Del Castillo Izquierdo, Jose"]
[Black "Hurtado Garrido, Reyes"]
[Result "0-1"]
[WhiteElo "1867"]
[BlackElo "1803"]
[PlyCount "124"]
[GameId "2147113069031588"]
[EventDate "2025.01.30"]
[EventType "swiss"]
[EventRounds "9"]
[EventCountry "ESP"]

1. d4 f5 2. Nf3 e6 3. c4 Nf6 4. Nc3 d5 5. Bg5 c6 6. e3 Bd6 7. Ne5 O-O 8. h4 Nbd7 9. f4 h6 10. Ng6 hxg5 11. hxg5 Ng4 12. Rh8+ Kf7 13. Nxf8 Nxf8 14. Qf3 Qb6 15. O-O-O Bb4 16. e4 Bxc3 17. Qxc3 Ng6 18. exf5 exf5 19. Rh7 Be6 20. g3 Kg8 21. Rh5 Re8 22. Re1 Bf7 23. Rxe8+ Bxe8 24. Qe1 Qd8 25. Qe6+ Bf7 26. Qxf5 Ne3 27. Qh3 Nxf1 28. f5 Qe7 29. Qxf1 Qe3+ 30. Kc2 Qxd4 31. Qd3 Qxc4+ 32. Qxc4 dxc4 33. Kc3 Ne5 34. Rh1 Kf8 35. Kb4 Nf3 36. g6 Bd5 37. Rh8+ Ke7 38. Rb8 Kf6 39. g4 Ne5 40. Kc3 b5 41. Rb7 Nxg4 42. Rxa7 Nh6 43. a4 bxa4 44. Rxa4 Nxf5 45. Kb4 Kxg6 46. Kc5 Kf6 47. Ra8 Kg5 48. Kb4 Kg4 49. Kc3 Kf4 50. Kd2 g5 51. Ke1 g4 52. Ra3 g3 53. Ke2 Nd4+ 54. Kf1 Nf3 55. Kg2 Ne1+ 56. Kh3 Nd3 57. Ra8 g2 58. Kh2 Ke3 59. Re8+ Kd2 60. Kg1 Nxb2 61. Rf8 c3 62. Rf2+ Kd3 0-1

[Event "Madrid-ch Previa-B"]
[Site "Madrid"]
[Date "2025.02.15"]
[Round "6.11"]
[White "San Vicente Crespo, Pablo"]
[Black "Arce Balluerca, Oscar"]
[Result "1-0"]
[WhiteElo "1812"]
[BlackElo "1842"]
[PlyCount "79"]
[GameId "2147117598908720"]
[EventDate "2025.01.30"]
[EventType "swiss"]
[EventRounds "9"]
[EventCountry "ESP"]

1. e4 Nf6 2. e5 Nd5 3. c4 Nb6 4. d4 d6 5. f4 dxe5 6. fxe5 g6 7. Nc3 Bg7 8. Be3 O-O 9. Be2 a6 10. Nf3 Bg4 11. O-O c5 12. d5 Bxf3 13. Rxf3 Bxe5 14. Bxc5 Qc7 15. Ne4 f5 16. d6 exd6 17. Bxd6 Bxd6 18. Qxd6 Rf7 19. Nf6+ Kh8 20. Ne8 Qxd6 21. Nxd6 Re7 22. Rb3 N8d7 23. Bf3 Ra7 24. c5 Nc4 25. Nc8 Nxc5 26. Nxe7 Nxb3 27. axb3 Nxb2 28. Be2 Ra8 29. Ra2 Re8 30. Nxg6+ hxg6 31. Rxb2 Re3 32. Kf2 f4 33. Bf3 b6 34. Bd5 Kg7 35. Re2 Rc3 36. Re6 Rc5 37. Be4 Rb5 38. Rxg6+ Kf7 39. Rg4 Rxb3 40. Bd5+ 1-0

[Event "Madrid-ch Previa-B"]
[Site "Madrid"]
[Date "2025.02.15"]
[Round "6.12"]
[White "Gonzalez Jimenez, Marcos Valero"]
[Black "Fernandez Kalinov, Rodrigo"]
[Result "1-0"]
[WhiteElo "1840"]
[BlackElo "1715"]
[PlyCount "119"]
[GameId "2145634686988551"]
[EventDate "2025.01.30"]
[EventType "swiss"]
[EventRounds "9"]
[EventCountry "ESP"]

1. e4 c5 2. Nf3 Nc6 3. d4 cxd4 4. Nxd4 e5 5. Nb5 d6 6. N1c3 a6 7. Na3 Be7 8. Nc4 b5 9. Ne3 Nf6 10. Bd3 Be6 11. O-O O-O 12. Ncd5 Nd7 13. c3 Bg5 14. Nf5 Bxc1 15. Rxc1 Bxf5 16. exf5 Nf6 17. Nxf6+ Qxf6 18. Be4 Rac8 19. Qf3 Na5 20. b3 Rc7 21. Rfd1 Rfc8 22. Rd3 Kf8 23. Rcd1 Rd8 24. Qe3 Qe7 25. Qb6 Nb7 26. Bxb7 Rxb7 27. Qxa6 Ra7 28. Qxb5 Rxa2 29. c4 Qf6 30. Qb6 Ke7 31. c5 d5 32. c6 e4 33. Qb7+ Ke8 34. c7 exd3 35. Qb5+ Kf8 36. cxd8=R+ Qxd8 37. Qxd3 Qb6 38. Rf1 Rb2 39. Qxd5 Rxb3 40. Qe4 Rb4 41. Qc2 Rb2 42. Qc8+ Ke7 43. Qc4 Rb4 44. Qc3 Kf8 45. Re1 Qb8 46. Qc5+ Kg8 47. Qxb4 Qxb4 48. Re8+ Qf8 49. Rxf8+ Kxf8 50. g4 Ke7 51. Kg2 Kf6 52. Kf3 h6 53. Kf4 g6 54. fxg6 fxg6 55. g5+ Kg7 56. h4 hxg5+ 57. hxg5 Kf7 58. Ke5 Ke7 59. f3 Kf7 60. Kd6 1-0

[Event "Madrid-ch Previa-B"]
[Site "Madrid"]
[Date "2025.02.15"]
[Round "6.13"]
[White "Veiga Macias, Rodrigo"]
[Black "Pan, Angel Jiaye"]
[Result "1-0"]
[WhiteElo "1832"]
[BlackElo "1653"]
[PlyCount "103"]
[GameId "2147120680538434"]
[EventDate "2025.01.30"]
[EventType "swiss"]
[EventRounds "9"]
[EventCountry "ESP"]

1. e4 d5 2. exd5 Qxd5 3. Nc3 Qd6 4. d4 Nf6 5. Nf3 Bg4 6. Be2 e6 7. O-O Nbd7 8. h3 Bf5 9. Be3 Nb6 10. a4 Be7 11. Nb5 Qd8 12. c4 c6 13. Nc3 O-O 14. a5 Nbd7 15. Nh4 Bg6 16. Nxg6 hxg6 17. c5 Qc7 18. Qc2 Rad8 19. b4 Nb8 20. b5 Nd5 21. Nxd5 Rxd5 22. b6 axb6 23. axb6 Qd7 24. Bc4 Rh5 25. Ra8 e5 26. dxe5 Kh7 27. Rd1 Qc8 28. Bf4 Rf5 29. Bg3 Rg5 30. e6 Rxg3 31. fxg3 Bxc5+ 32. Kh2 fxe6 33. Bxe6 Qxe6 34. Qxc5 Nd7 35. Qa5 Rxa8 36. Qxa8 Nxb6 37. Qxb7 Nd5 38. Rd4 Nf6 39. Rh4+ Nh5 40. Qb1 Qe5 41. Qd3 c5 42. Re4 Qc7 43. Re6 Nf6 44. Qc4 Nh5 45. Re3 Nf6 46. Rc3 Qd8 47. Qh4+ Kg8 48. Rxc5 Qd6 49. Rc8+ Kf7 50. Qc4+ Qe6 51. Rc7+ Nd7 52. Rxd7+ 1-0

[Event "Madrid-ch Previa-B"]
[Site "Madrid"]
[Date "2025.02.15"]
[Round "6.14"]
[White "Bastos Perez Cuadrado, Carlos"]
[Black "Rodriguez Torrejon, Alberto"]
[Result "1-0"]
[WhiteElo "1822"]
[BlackElo "1630"]
[PlyCount "65"]
[GameId "2145620814245977"]
[EventDate "2025.01.30"]
[EventType "swiss"]
[EventRounds "9"]
[EventCountry "ESP"]

1. e4 e6 2. d4 d5 3. e5 c5 4. c3 Nc6 5. Nf3 Qb6 6. a3 a5 7. Bd3 Bd7 8. Bc2 cxd4 9. cxd4 Nge7 10. Nc3 Rc8 11. O-O g6 12. Rb1 Bg7 13. h4 f6 14. Na4 Qb5 15. Bd3 Qxa4 16. Qxa4 Nxe5 17. Qd1 Ng4 18. Bd2 b6 19. b4 a4 20. b5 e5 21. dxe5 fxe5 22. Nh2 h5 23. Bg5 e4 24. Nxg4 Bxg4 25. Be2 Bf5 26. Bxe7 Kxe7 27. Qxd5 Rhd8 28. Qb7+ Ke8 29. Qxg7 e3 30. Bc4 Rd2 31. fxe3 Rc2 32. Qf7+ Kd8 33. Rbd1+ 1-0

[Event "Madrid-ch Previa-B"]
[Site "Madrid"]
[Date "2025.02.15"]
[Round "6.15"]
[White "Garcia Tanjala, Marko"]
[Black "Jolani, Parnian"]
[Result "1-0"]
[WhiteElo "1822"]
[BlackElo "1847"]
[PlyCount "63"]
[GameId "2147123426517329"]
[EventDate "2025.01.30"]
[EventType "swiss"]
[EventRounds "9"]
[EventCountry "ESP"]

1. e4 d6 2. d4 Nf6 3. Nc3 e5 4. dxe5 dxe5 5. Qxd8+ Kxd8 6. Bg5 Bb4 7. O-O-O+ Nbd7 8. Bxf6+ gxf6 9. Nd5 Bd6 10. Nf3 Be7 11. Nh4 c6 12. Nxe7 Kxe7 13. Nf5+ Ke8 14. Nd6+ Ke7 15. Bc4 Rf8 16. Nf5+ Kd8 17. Rd6 Kc7 18. Rhd1 Nc5 19. f3 Ne6 20. Ne7 f5 21. Nxf5 Rg8 22. R1d2 Re8 23. c3 b5 24. Rxc6+ Kxc6 25. Bd5+ Kb6 26. Bxa8 Nf4 27. Nd6 Rg8 28. g3 Be6 29. Bb7 Ng6 30. Bd5 Rf8 31. Nf5 a5 32. Bxe6 1-0

[Event "Madrid-ch Previa-B"]
[Site "Madrid"]
[Date "2025.02.15"]
[Round "6.16"]
[White "Quiroga Andres, Carlos"]
[Black "Castro Contreras, Bruno"]
[Result "1-0"]
[WhiteElo "1841"]
[BlackElo "1731"]
[PlyCount "59"]
[GameId "2147126291603811"]
[EventDate "2025.01.30"]
[EventType "swiss"]
[EventRounds "9"]
[EventCountry "ESP"]

1. d4 Nf6 2. Nf3 g6 3. c4 Bg7 4. g3 O-O 5. Bg2 d6 6. O-O Nbd7 7. Nc3 c5 8. d5 Ng4 9. Qc2 Nde5 10. Nxe5 Nxe5 11. b3 Bf5 12. e4 Bd7 13. Bb2 Qc8 14. Rae1 Bh3 15. f4 Bxg2 16. Kxg2 Nd7 17. Nd1 Bxb2 18. Nxb2 f6 19. Nd3 Qc7 20. Qe2 Rab8 21. Qg4 Kh8 22. Rf2 a5 23. Rfe2 Ne5 24. fxe5 dxe5 25. Rf2 Qd6 26. Ref1 Kg7 27. Nb2 Ra8 28. Nd1 h5 29. Qe2 Kh6 30. Nc3 1-0

[Event "Madrid-ch Previa-B"]
[Site "Madrid"]
[Date "2025.02.15"]
[Round "6.17"]
[White "Fernandez Rodriguez, Juan"]
[Black "Quiros Florea, Rafael Santiago"]
[Result "1-0"]
[WhiteElo "1818"]
[BlackElo "1660"]
[PlyCount "41"]
[GameId "2145622178463864"]
[EventDate "2025.01.30"]
[EventType "swiss"]
[EventRounds "9"]
[EventCountry "ESP"]

1. d4 Nf6 2. g3 d5 3. Nf3 h6 4. Bg2 Bf5 5. O-O e6 6. Nbd2 c5 7. c4 dxc4 8. Nxc4 Nc6 9. Be3 cxd4 10. Nxd4 Nxd4 11. Bxd4 Qc7 12. Ne5 Rd8 13. Qa4+ Nd7 14. Rac1 Qb8 15. Nxd7 Rxd7 16. Rfd1 b5 17. Qa6 Ke7 18. Bc5+ Kd8 19. Rxd7+ Kxd7 20. Qc6+ Kd8 21. Rd1+ 1-0

[Event "Madrid-ch Previa-B"]
[Site "Madrid"]
[Date "2025.02.15"]
[Round "6.18"]
[White "Gallardo Moreno, Alberto"]
[Black "Metola Arias, Mario"]
[Result "1/2-1/2"]
[WhiteElo "1656"]
[BlackElo "1799"]
[PlyCount "44"]
[GameId "2145622854930566"]
[EventDate "2025.01.30"]
[EventType "swiss"]
[EventRounds "9"]
[EventCountry "ESP"]

1. e4 e5 2. Nf3 Nc6 3. d4 exd4 4. Nxd4 Bc5 5. Nb3 Bb6 6. Qe2 d6 7. Nc3 Nf6 8. Be3 Bxe3 9. Qxe3 O-O 10. f3 a5 11. O-O-O a4 12. Nd2 d5 13. exd5 Nxd5 14. Nxd5 Qxd5 15. Bc4 Qa5 16. a3 Bf5 17. Qg5 Nd4 18. Ne4 Bxe4 19. Qxa5 Rxa5 20. Rxd4 Bg6 21. Rhd1 Rc5 22. Bd3 Bxd3 1/2-1/2

[Event "Madrid-ch Previa-B"]
[Site "Madrid"]
[Date "2025.02.15"]
[Round "6.19"]
[White "Senador Gomez Jaen, Julio"]
[Black "Gomez Lorenzo, Alvaro 2012"]
[Result "1-0"]
[WhiteElo "1796"]
[BlackElo "1483"]
[PlyCount "57"]
[GameId "2147130017943925"]
[EventDate "2025.01.30"]
[EventType "swiss"]
[EventRounds "9"]
[EventCountry "ESP"]

1. d4 Nf6 2. Nf3 d5 3. e3 c5 4. c3 Nc6 5. Bd3 Bg4 6. Nbd2 e6 7. O-O Be7 8. b3 O-O 9. Bb2 e5 10. dxe5 Nxe5 11. Be2 Nxf3+ 12. Nxf3 Be6 13. Qc2 Qb6 14. Rfd1 h6 15. Ne5 Rfd8 16. c4 dxc4 17. Nxc4 Qc7 18. Be5 Qc8 19. Nd6 Qc6 20. Bf3 Bd5 21. Nf5 Kf8 22. Bxf6 Bxf6 23. e4 Bxa1 24. exd5 Qf6 25. Qxc5+ Kg8 26. d6 Rac8 27. Ne7+ Kh8 28. Nxc8 Qb2 29. Qc7 1-0

[Event "Madrid-ch Previa-B"]
[Site "Madrid"]
[Date "2025.02.15"]
[Round "6.22"]
[White "Corral Aragon, Juan Maria"]
[Black "Valentin Lopez, Miguel"]
[Result "0-1"]
[WhiteElo "1861"]
[BlackElo "1550"]
[PlyCount "70"]
[GameId "2147133919875489"]
[EventDate "2025.01.30"]
[EventType "swiss"]
[EventRounds "9"]
[EventCountry "ESP"]

1. e4 e5 2. Nf3 Nc6 3. Bb5 a6 4. Ba4 d6 5. Bxc6+ bxc6 6. d4 exd4 7. Nxd4 Bb7 8. O-O Ne7 9. Re1 g6 10. Bg5 Bg7 11. Nf5 gxf5 12. exf5 f6 13. Qh5+ Kd7 14. Qf7 Qf8 15. Qe6+ Kd8 16. Bd2 Bc8 17. Qb3 Bxf5 18. Ba5 Kd7 19. Nc3 Rb8 20. Qc4 Qg8 21. Rxe7+ Kxe7 22. Qxc6 Kf7 23. Nd5 Qe8 24. Qxc7+ Qd7 25. Qc3 Be6 26. Qf3 Bxd5 27. Qh5+ Kf8 28. Qxd5 Rb5 29. Qa8+ Kf7 30. Qxa6 Qb7 31. Qxb7+ Rxb7 32. b4 Rc8 33. Rc1 Bh6 34. Rd1 Rxc2 35. a4 Rc1 0-1

[Event "Madrid-ch Previa-B"]
[Site "Madrid"]
[Date "2025.02.15"]
[Round "6.23"]
[White "Solera Diaz, Manuel"]
[Black "Rosado Rio Perez, Alberto"]
[Result "0-1"]
[WhiteElo "1473"]
[BlackElo "1640"]
[PlyCount "54"]
[GameId "2147227370430576"]
[EventDate "2025.01.30"]
[EventType "swiss"]
[EventRounds "9"]
[EventCountry "ESP"]

1. e4 d6 2. d4 Nf6 3. Nc3 Nbd7 4. g3 e5 5. d5 Be7 6. Bg2 O-O 7. Nf3 c6 8. dxc6 bxc6 9. O-O Nc5 10. Re1 Rb8 11. b3 a5 12. a4 Re8 13. Rb1 Qc7 14. Ba3 Qa7 15. Nd2 Bg4 16. Qc1 Bf8 17. Nc4 d5 18. exd5 Nxd5 19. Nxe5 Rbc8 20. Nxd5 cxd5 21. Bxd5 Rxe5 22. Bxf7+ Qxf7 23. Rxe5 Nd3 24. Qe3 Nxe5 25. Qxe5 Bxa3 26. f4 Bh3 27. Qxa5 Bc5+ 0-1

[Event "Madrid-ch Previa-B"]
[Site "Madrid"]
[Date "2025.02.15"]
[Round "6.26"]
[White "Caballero Sanchez, Francisco"]
[Black "Fernandez Rodriguez, Diego"]
[Result "1-0"]
[WhiteElo "1775"]
[BlackElo "1614"]
[PlyCount "99"]
[GameId "2147233414615217"]
[EventDate "2025.01.30"]
[EventType "swiss"]
[EventRounds "9"]
[EventCountry "ESP"]

1. e4 d5 2. exd5 Nf6 3. Bb5+ Nbd7 4. c4 a6 5. Ba4 g6 6. d4 Bg7 7. Nc3 O-O 8. Nf3 Nb6 9. Bb3 Bf5 10. O-O Ne4 11. Bd2 Nxc3 12. Bxc3 a5 13. a4 e6 14. dxe6 Bxe6 15. d5 Bxc3 16. bxc3 Bg4 17. h3 Bxf3 18. Qxf3 Nd7 19. Qe3 b6 20. Qf4 Nc5 21. Bc2 Qd7 22. Rad1 Nxa4 23. Bxa4 Qxa4 24. Qxc7 Rac8 25. Qxb6 Qxc4 26. Qxa5 Rc5 27. Qb4 Rd8 28. Qxc4 Rxc4 29. Rd3 Rd6 30. Rb1 Kf8 31. Kf1 Ke7 32. Ke2 Kf6 33. Rb4 Rxb4 34. cxb4 Ke5 35. Ke3 g5 36. Rd4 f5 37. g3 Ra6 38. f4+ gxf4+ 39. gxf4+ Kd6 40. Rd3 Ra4 41. Rb3 Kxd5 42. b5 Ra7 43. b6 Rb7 44. Kd3 Kc5 45. Ke3 Rg7 46. Rb1 Rb7 47. Rb2 Kc6 48. Kd4 Kd6 49. h4 h5 50. Rb3 1-0

[Event "Madrid-ch Previa-B"]
[Site "Madrid"]
[Date "2025.02.15"]
[Round "6.27"]
[White "De Juan Huarte, Federico"]
[Black "Palomo Fernandez, Lorenzo"]
[Result "1-0"]
[WhiteElo "1636"]
[BlackElo "1650"]
[PlyCount "71"]
[GameId "2147235490439382"]
[EventDate "2025.01.30"]
[EventType "swiss"]
[EventRounds "9"]
[EventCountry "ESP"]

1. e4 e5 2. Nf3 Nc6 3. Bb5 a6 4. Ba4 Nf6 5. O-O d6 6. d4 exd4 7. e5 b5 8. exf6 bxa4 9. Re1+ Be6 10. Nxd4 Nxd4 11. Qxd4 gxf6 12. Qxa4+ Qd7 13. Qh4 Be7 14. Nc3 Qc6 15. Bf4 Rg8 16. Bg3 f5 17. Qa4 Qxa4 18. Nxa4 Bf6 19. Rad1 Rb8 20. b3 Rb4 21. c4 Kd8 22. Nc5 Ke7 23. Nxa6 Rb7 24. c5 Rxg3 25. hxg3 d5 26. c6 Ra7 27. Nb4 Kd6 28. Re2 Bc3 29. Nd3 Kxc6 30. Rc2 d4 31. Nf4 Kc5 32. Ne2 Kb4 33. Nxd4 Bxd4 34. Rxd4+ Kb5 35. a4+ Kb6 36. Rb4+ 1-0

[Event "Madrid-ch Previa-B"]
[Site "Madrid"]
[Date "2025.02.15"]
[Round "6.28"]
[White "Pareja Cerrato, Antonio"]
[Black "Casas Gomez, Jose"]
[Result "0-1"]
[WhiteElo "1624"]
[BlackElo "1798"]
[PlyCount "56"]
[GameId "2147236559782118"]
[EventDate "2025.01.30"]
[EventType "swiss"]
[EventRounds "9"]
[EventCountry "ESP"]

1. e4 d6 2. d4 Nf6 3. Nc3 Nbd7 4. Nf3 e5 5. dxe5 dxe5 6. Be2 Bb4 7. O-O Bxc3 8. bxc3 O-O 9. Ba3 Re8 10. Bc4 h6 11. Re1 a6 12. Qd2 b5 13. Bd5 Nxd5 14. Qxd5 Rb8 15. Rad1 Qf6 16. Re3 Nb6 17. Qc5 Nc4 18. Red3 Bb7 19. Nd2 Nxd2 20. R1xd2 Bxe4 21. Rd7 Qg6 22. f4 exf4 23. Qxc7 f3 24. R7d6 Qf5 25. Rf2 Bd5 26. Qc5 Re1+ 27. Rf1 Rxf1+ 28. Kxf1 fxg2+ 0-1

[Event "Madrid-ch Previa-B"]
[Site "Madrid"]
[Date "2025.02.21"]
[Round "7.1"]
[White "Cardena Contreras, Javier"]
[Black "Galarreta Santana, Javier"]
[Result "0-1"]
[WhiteElo "1883"]
[BlackElo "1865"]
[PlyCount "88"]
[GameId "2150158793449531"]
[EventDate "2025.01.30"]
[EventType "swiss"]
[EventRounds "9"]
[EventCountry "ESP"]

1. e4 c5 2. Nc3 Nc6 3. f4 d6 4. Nf3 g6 5. Bb5 Bg7 6. O-O e6 7. Bxc6+ bxc6 8. d3 Nh6 9. h3 f5 10. Be3 Rb8 11. Rb1 O-O 12. e5 Nf7 13. exd6 Qxd6 14. Qd2 Rd8 15. Qf2 c4 16. d4 Ba6 17. Ne5 Bxe5 18. dxe5 Qe7 19. Bxa7 Rb7 20. Bc5 Qc7 21. Rfd1 Rxd1+ 22. Nxd1 g5 23. Be3 Qb8 24. c3 Rd7 25. Bd4 c5 26. Bxc5 gxf4 27. Bd4 Nd8 28. Qxf4 Rg7 29. Ne3 Bb7 30. Rf1 Qa8 31. Rf2 Nf7 32. Kh2 Ng5 33. Nxc4 Ne4 34. Nb6 Qxa2 35. Re2 Qb1 36. Qh6 Rg6 37. Qh4 Ng5 38. Nd7 Qd1 39. Nf6+ Kh8 40. Qf2 Nxh3 41. Qh4 Ng5 42. Re1 Qd2 43. Qf2 Nf3+ 44. gxf3 Qh6+ 0-1

[Event "Madrid-ch Previa-B"]
[Site "Madrid"]
[Date "2025.02.21"]
[Round "7.2"]
[White "Liern Matesanz, Jairo"]
[Black "Lorenzo Martin, Hector"]
[Result "1/2-1/2"]
[WhiteElo "1923"]
[BlackElo "1981"]
[PlyCount "100"]
[GameId "2150165294407781"]
[EventDate "2025.01.30"]
[EventType "swiss"]
[EventRounds "9"]
[EventCountry "ESP"]

1. d4 d5 2. c4 e6 3. Nc3 Nf6 4. Nf3 Nbd7 5. cxd5 exd5 6. Bf4 Nb6 7. h3 Bd6 8. e3 Bf5 9. g4 Be4 10. Bd3 Bxd3 11. Qxd3 Bxf4 12. exf4 Qe7+ 13. Ne5 O-O-O 14. O-O-O Nfd7 15. Rhe1 Qf8 16. Kb1 f6 17. Nxd7 Rxd7 18. Rc1 Qb4 19. Re2 Kb8 20. Rce1 a5 21. a3 Qb3 22. Re8+ Rd8 23. R8e7 Nc4 24. R1e2 b5 25. Qg3 b4 26. Nb5 Qd1+ 27. Ka2 Nd6 28. Nxd6 Rxd6 29. Qe3 Rb6 30. b3 bxa3 31. Qc3 Rc8 32. Re1 Rc6 33. Qxc6 Qd2+ 34. Kxa3 Qb4+ 35. Kb2 Qd2+ 36. Qc2 Qxd4+ 37. Qc3 Qxf2+ 38. R1e2 Qxf4 39. Qxa5 Qd4+ 40. Qc3 Qb6 41. R7e6 Qb5 42. Qc6 Qd3 43. Qa6 Qxh3 44. Rc2 Qxg4 45. Rc5 Qd4+ 46. Ka2 Qxc5 47. Qa4 Qc2+ 48. Ka3 Qc5+ 49. Ka2 Qf2+ 50. Ka3 Qc5+ 1/2-1/2

[Event "Madrid-ch Previa-B"]
[Site "Madrid"]
[Date "2025.02.21"]
[Round "7.3"]
[White "Calderon Rojo, Borja"]
[Black "Baeza Escudero, Javier"]
[Result "1-0"]
[WhiteElo "1887"]
[BlackElo "1974"]
[PlyCount "118"]
[GameId "2150167806152819"]
[EventDate "2025.01.30"]
[EventType "swiss"]
[EventRounds "9"]
[EventCountry "ESP"]

1. d4 d5 2. c4 c6 3. cxd5 cxd5 4. Nf3 Nf6 5. Nc3 Nc6 6. Bf4 Bf5 7. e3 e6 8. Qb3 Bb4 9. Ne5 O-O 10. Nxc6 Bxc3+ 11. bxc3 bxc6 12. Qa3 Qd7 13. Ba6 Rfd8 14. h3 Ne4 15. O-O Nd6 16. Qc5 Rab8 17. Qa3 Rb6 18. Be2 Ne4 19. c4 Qb7 20. cxd5 cxd5 21. Rac1 Nd6 22. Rc5 h6 23. Qa5 Rd7 24. Rfc1 Rb1 25. Qa3 Ne4 26. Rxb1 Qxb1+ 27. Rc1 Qb6 28. f3 Nd6 29. Qc5 Kh7 30. Qxb6 axb6 31. Rc6 Nc4 32. Bxc4 dxc4 33. Rxc4 b5 34. Rc3 g5 35. Be5 Kg6 36. e4 Bxh3 37. gxh3 f6 38. Bg3 Rxd4 39. Rb3 Rd1+ 40. Kg2 Rd2+ 41. Kf1 Rxa2 42. Rxb5 e5 43. Rb6 Ra1+ 44. Kg2 Ra2+ 45. Kf1 Ra1+ 46. Be1 h5 47. Rb8 Ra2 48. h4 Rh2 49. Bg3 Ra2 50. Rb6 Ra5 51. Kg2 Ra2+ 52. Kh3 Ra3 53. hxg5 Kxg5 54. Bh4+ Kg6 55. Rxf6+ Kg7 56. Rf5 Ra1 57. Rxe5 Rh1+ 58. Kg3 Rg1+ 59. Kf4 Rh1 1-0

[Event "Madrid-ch Previa-B"]
[Site "Madrid"]
[Date "2025.02.21"]
[Round "7.4"]
[White "Tereso Martin, Antonio"]
[Black "Martin Cantizano, David"]
[Result "0-1"]
[WhiteElo "1962"]
[BlackElo "1900"]
[PlyCount "92"]
[GameId "2150184897777796"]
[EventDate "2025.01.30"]
[EventType "swiss"]
[EventRounds "9"]
[EventCountry "ESP"]

1. Nf3 c5 2. e3 g6 3. d4 cxd4 4. exd4 d5 5. c3 Nf6 6. Bf4 Nc6 7. Nbd2 Nh5 8. Bg5 h6 9. Bh4 Ng7 10. Bd3 Bf5 11. Bb5 Qa5 12. Qb3 a6 13. Be2 Ra7 14. O-O Ne6 15. Rfe1 Nf4 16. Bf1 Bd3 17. Bxd3 Nxd3 18. Re3 Nf4 19. Rae1 g5 20. Bg3 Bg7 21. Bxf4 gxf4 22. R3e2 O-O 23. Rxe7 Nxe7 24. Rxe7 Bf6 25. Rxb7 Rxb7 26. Qxb7 Qxa2 27. g3 fxg3 28. hxg3 Re8 29. Ne5 Bxe5 30. dxe5 Qa5 31. Nf3 Qb5 32. Qa7 Qxb2 33. Qxa6 Qxc3 34. Kg2 Re6 35. Qa8+ Kg7 36. Qxd5 Qc6 37. Qxc6 Rxc6 38. g4 Kg6 39. Kg3 Rc3 40. Kf4 Rc4+ 41. Kg3 h5 42. Nh4+ Kg5 43. f4+ Rxf4 44. Nf3+ Rxf3+ 45. Kxf3 hxg4+ 46. Kg3 Kf5 0-1

[Event "Madrid-ch Previa-B"]
[Site "Madrid"]
[Date "2025.02.21"]
[Round "7.5"]
[White "Palomo Monserrat, Lorenzo"]
[Black "Bastos Perez Cuadrado, Carlos"]
[Result "1-0"]
[WhiteElo "1949"]
[BlackElo "1822"]
[PlyCount "75"]
[GameId "2150185678844050"]
[EventDate "2025.01.30"]
[EventType "swiss"]
[EventRounds "9"]
[EventCountry "ESP"]

1. d4 Nf6 2. c4 g6 3. Nc3 d5 4. cxd5 Nxd5 5. e4 Nxc3 6. bxc3 Bg7 7. Bc4 c5 8. Ne2 Nc6 9. Be3 O-O 10. O-O b6 11. dxc5 Qc7 12. Bf4 e5 13. Bg5 Na5 14. Bd5 Bb7 15. cxb6 axb6 16. Bxb7 Qxb7 17. Qc2 Rfc8 18. Rfd1 h6 19. Bh4 Rc4 20. Rd5 f5 21. Rad1 g5 22. Ng3 gxh4 23. Nxf5 Rc7 24. Qe2 Rf8 25. Qg4 Rf6 26. Rd8+ Kh7 27. Nxg7 Rxg7 28. R1d7 Rfg6 29. Qf5 Nc6 30. Rxb7 Rxb7 31. Rd7+ Rxd7 32. Qxd7+ Kg8 33. f3 Na5 34. Qe8+ Kh7 35. Qxe5 Rc6 36. f4 Nc4 37. Qe7+ Kg6 38. Qe8+ 1-0